Statistics for German Heads of State (1871 - present)

Click here to take the quiz!

General Stats

  • This quiz has been taken 44 times
  • The average score is 10 of 19

Answer Stats

Answer% Correct
Adolf Hitler
100%
Wilhelm II.
87%
Paul von Hindenburg
83%
Wilhelm I.
83%
Frank-Walter Steinmeier
65%
Friedrich Ebert
65%
Karl Dönitz
61%
Joachim Gauck
57%
Christian Wulff
52%
Friedrich III.
52%
Horst Köhler
43%
Richard von Weizsäcker
43%
Theodor Heuss
39%
Johannes Rau
35%
Walter Scheel
35%
Roman Herzog
30%
Gustav Heinemann
22%
Heinrich Lübke
22%
Karl Carstens
22%

Score Distribution

Percentile by Number Answered

Percent of People with Each Score

Your Score History

You have not taken this quiz